| 000 | 00645nam a2200205 a 4500 | ||
|---|---|---|---|
| 001 | BRCA_2774 | ||
| 005 | 20190320203949.0 | ||
| 008 | 081208s1963----enka---###---#000-0#eng-u | ||
| 050 | 4 |
_aNK8360 _b.B45 1963 |
|
| 100 | 1 |
_aBenesch, Ladislaus _97802 |
|
| 245 | 1 | 0 |
_aOld lamps of central Europe and other lighting devices _cLadislaus Benesch ; translated and edited by Leroy Thwing. |
| 260 |
_aRutland, Vermont _bCharles E. Tuttle _c1963 |
||
| 300 |
_axii, 34 p. _bil., 60 láminas _c21 cm. |
||
| 500 | _aAA90 | ||
| 650 | 1 | 4 |
_aLámparas _97803 |
| 650 | 1 | 4 |
_aIluminación _95883 |
| 700 | 1 |
_aThwing, Leroy _etr _97804 |
|
| 902 | _aGFM | ||
| 942 |
_2lcc _cB |
||
| 999 |
_c2514 _d2514 |
||